| 000 | 01011cam a22003135a 4500 | ||
|---|---|---|---|
| 001 | 016199041 | ||
| 003 | OSt | ||
| 005 | 20201128024035.0 | ||
| 008 | 121029t2014 enka fr 001 0 eng d | ||
| 020 | _a9780273777809 | ||
| 020 | _a9781783650392 | ||
| 020 | _a0273777807 | ||
| 020 | _a1783650397 | ||
| 040 |
_aStDuBDS _beng _cStDuBDS _dUk _dEG-ScBUE |
||
| 082 | 0 | 4 |
_a657 _222 _bFIN |
| 245 | 0 | 0 |
_aFinancial accounting : _binternational financial reporting standards / _cWalter T. Harrison Jr. ... [et al.] |
| 250 | _a9th ed., Global ed. | ||
| 260 |
_aHarlow : _bPearson Education Limited, _cc.2014. |
||
| 300 |
_axxxiv, 850 p. : _bill. ; _c28 cm. |
||
| 500 | _aIncludes index. | ||
| 650 | 7 |
_aAccounting. _2BUEsh _99036 |
|
| 650 | 7 |
_aAccounting _2BUEsh _920832 _xProblems, exercises, etc. |
|
| 650 | 7 |
_aAccounting _xStandards. _2BUEsh _936586 |
|
| 651 | _2BUEsh | ||
| 653 |
_bBUSECO _cDecember2016 |
||
| 690 | 7 |
_aManagement and Business Studies _2blcoll |
|
| 700 | 1 |
_aHarrison, Walter T. _91456 |
|
| 942 | _2ddc | ||
| 999 |
_c23444 _d23416 |
||